Informe de reconocimiento del Proyecto Hidroeléctrico Ayil

محفوظ في:
التفاصيل البيبلوغرافية
المؤلف الرئيسي: Salom Echeverría, Mauricio
التنسيق: كتاب
منشور في: [San José , Costa Rica] 1982
الموضوعات:
الوسوم: إضافة وسم
لا توجد وسوم, كن أول من يضع وسما على هذه التسجيلة!

MARC

LEADER 00000nam a2200000Ia 4500
003 002049
005 20221231144422.0
008 140114s1982 c a m 000 ||s d
040 |c cru CEDI 
090 |a TFG 1254 
100 |a Salom Echeverría, Mauricio  |9 15429 
245 |a Informe de reconocimiento del Proyecto Hidroeléctrico Ayil 
260 |c 1982  |a [San José , Costa Rica] 
300 |a  iv, 117 hojas : ilustraciones (algunas plegables) ; 28 cm  
500 |a Proyecto de graduación (ingeniero civil)--Universidad de Costa Rica. Facultad de Ingeniería. Escuela de Ingeniería Civil 
650 |x INSTITUTO COSTARRICENSE DE ELECTRICIDAD.. PROYECTO HIDROELECTRICO AYIL  |9 12485 
942 |c TFG 
999 |c 21591  |d 21591